000
00273nam a2200109Ia 4500
008
220204s9999 xx 000 0 und d
082
_a
066
_b
DRY
100
_a
Dryden, Charles E
245
0
_a
Outlines of chemical technology
260
_a
Delhi
_b
East West
_c
1965
942
_c
BK
999
_c
20931
_d
20931